American capitalism : (Record no. 542593)

000 -LEADER
fixed length control field 00700cam a2200181 i 4500
020 ## - INTERNATIONAL STANDARD BOOK NUMBER
International Standard Book Number 0873321782
082 ## - DEWEY DECIMAL CLASSIFICATION NUMBER
Classification number 330.12/2/0973
Author Mark GAL
-- L-28, P-3
100 1# - MAIN ENTRY--PERSONAL NAME
Personal name Galbraith, John Kenneth,
9 (RLIN) 37822
245 10 - TITLE STATEMENT
Title American capitalism :
Remainder of title the concept of countervailing power /
Statement of responsibility, etc. by John Kenneth Galbraith.
260 ## - PUBLICATION, DISTRIBUTION, ETC.
Place of publication, distribution, etc. White Plains, N.Y. :
Name of publisher, distributor, etc. M. E. Sharpe,
Date of publication, distribution, etc. [1980] c1956.
300 ## - PHYSICAL DESCRIPTION
Extent xiii, 208 p. ;
Dimensions 22 cm.
500 ## - GENERAL NOTE
General note Reprint of the ed. published by Houghton Mifflin, Boston; with a new pref. by the author.
526 ## - STUDY PROGRAM INFORMATION NOTE
Program name 0
Interest level 0
Reading level 0
Title point value 330_122097300000000_GAL
526 ## - STUDY PROGRAM INFORMATION NOTE
Program name 0
Interest level 0
Reading level 0
Title point value 330_122097300000000_GAL
526 ## - STUDY PROGRAM INFORMATION NOTE
Program name 0
Interest level 0
Reading level 0
Title point value 330_122730000000000_GAL
650 #0 - SUBJECT ADDED ENTRY--TOPICAL TERM
Topical term or geographic name entry element Capitalism.
9 (RLIN) 3608
942 ## - ADDED ENTRY ELEMENTS (KOHA)
Source of classification or shelving scheme
Koha item type Book
Holdings
Withdrawn status Lost status Source of classification or shelving scheme Damaged status Not for loan Permanent Location Current Location Shelving location Date acquired Total Checkouts Full call number Barcode Date last seen Price effective from Koha item type
          Military College of Engineering (MCE) Military College of Engineering (MCE)   01/06/2015   330.12/2/0973 GAL MCE-MCA / 4 01/06/2015 01/06/2015 Book
          Military College of Engineering (MCE) Military College of Engineering (MCE)   02/04/2014   330.12/2/0973 GAL MCE-1918 02/04/2014 02/04/2014 Book
          Military College of Engineering (MCE) Military College of Engineering (MCE)   02/12/2014   330.12273 GAL   02/12/2014 02/12/2014 Book
© 2023 Central Library, National University of Sciences and Technology. All Rights Reserved.